[Event "Women Russian Superfinal 2015"]
[Site "Chita RUS"]
[Date "2015.08.11"]
[Round "3"]
[White "Kashlinskaya, Alina"]
[Black "Goryachkina, Aleksandra"]
[Result "1/2-1/2"]
[WhiteElo "2441"]
[BlackElo "2474"]
[PlyCount "118"]
[EventDate "2015.08.09"]

1. d4 Nf6 2. c4 e6 3. Nc3 Bb4 4. e3 O-O 5. Bd3 d5 6. Nf3 c5 7. O-O Nc6 8. a3
Ba5 9. cxd5 exd5 10. dxc5 Bxc3 11. bxc3 Bg4 12. a4 Re8 13. Ba3 Ne5 14. Be2 Ne4
15. Rc1 Nxf3+ 16. Bxf3 Bxf3 17. gxf3 Ng5 18. Kh1 Re6 19. c4 dxc4 20. f4 Ne4 21.
Qxd8+ Rxd8 22. Rxc4 f5 23. Rd4 Rxd4 24. exd4 Ra6 25. Bc1 Rxa4 26. Be3 Nc3 27.
Rc1 Ra3 28. Bd2 Nd5 29. Rb1 Ra2 30. Be3 b6 31. Rc1 Ra5 32. Bd2 Rb5 33. Ra1 bxc5
34. dxc5 Rxc5 35. Rxa7 Rb5 36. Rd7 Nf6 37. Ra7 Rb3 38. Be3 Rd3 39. Kg2 Rd7 40.
Rxd7 Nxd7 41. Bd4 Kf7 42. Kg3 Nf8 43. Be5 Ne6 44. Kf3 Kg6 45. Kg3 Kf7 46. Kf3
Ke7 47. Ke3 Kd7 48. Kd3 Kc6 49. Kc4 g6 50. Bb8 Nc5 51. Kd4 Ne4 52. f3 Nd2 53.
Ke5 Nxf3+ 54. Kf6 Kd5 55. Kg7 Ke6 56. Kxh7 Kf7 57. h3 Ng1 58. Ba7 Nxh3 59. Be3
Kf6 1/2-1/2

[Event "Women Russian Superfinal 2015"]
[Site "Chita RUS"]
[Date "2015.08.11"]
[Round "3"]
[White "Girya, Olga"]
[Black "Pogonina, Natalija"]
[Result "1/2-1/2"]
[WhiteElo "2487"]
[BlackElo "2460"]
[PlyCount "71"]
[EventDate "2015.08.09"]

1. d4 Nf6 2. c4 e6 3. Nf3 b6 4. g3 Bb4+ 5. Bd2 Bxd2+ 6. Qxd2 Ba6 7. b3 d5 8.
cxd5 exd5 9. Nc3 O-O 10. e3 Bxf1 11. Kxf1 Nbd7 12. Kg2 Qe7 13. Rac1 c6 14. Qc2
Rfe8 15. Rhd1 Rac8 16. Qe2 Ne4 17. Rc2 Nxc3 18. Rxc3 Rc7 19. Rdc1 Rec8 20. Ne1
Nf6 21. Nd3 c5 22. Nf4 cxd4 23. Rxc7 Rxc7 24. Rxc7 Qxc7 25. exd4 h6 26. f3 Qc3
27. Nxd5 Qxd4 28. Ne7+ Kh8 29. Nf5 Qd5 30. Ne3 Qe5 31. Qd2 b5 32. Qd8+ Kh7 33.
Qd3+ Kg8 34. Qd8+ Kh7 35. Qd3+ Kg8 36. Qd8+ 1/2-1/2

[Event "Women Russian Superfinal 2015"]
[Site "Chita RUS"]
[Date "2015.08.11"]
[Round "3"]
[White "Lagno, Kateryna"]
[Black "Ovod, Evgenija"]
[Result "1-0"]
[WhiteElo "2530"]
[BlackElo "2327"]
[PlyCount "107"]
[EventDate "2015.08.09"]

1. e4 e5 2. Nf3 Nc6 3. d4 exd4 4. Nxd4 Bb4+ 5. c3 Bc5 6. Be3 Bb6 7. Nf5 g6 8.
Bxb6 axb6 9. Ne3 Nf6 10. f3 d6 11. c4 O-O 12. Nc3 Nh5 13. Qd2 Ng7 14. Bd3 Ne5
15. O-O-O Be6 16. f4 Nxd3+ 17. Qxd3 f5 18. exf5 Nxf5 19. Rhe1 Nxe3 20. Rxe3 Qf6
21. Qd4 b5 22. cxb5 Bxa2 23. b6 Qf7 24. bxc7 Bb3 25. Rde1 Ra1+ 26. Kd2 Rxe1 27.
Kxe1 Qxc7 28. g3 Rc8 29. Kf2 Qc5 30. Qxc5 dxc5 31. Re7 b6 32. Ke3 Rc6 33. Ke4
Bf7 34. g4 Kf8 35. Rb7 Re6+ 36. Kf3 h6 37. Na4 Rd6 38. Nxb6 Kg7 39. Nc4 Rd3+
40. Ke2 Rd4 41. Ne5 Rxf4 42. Kd3 Rd4+ 43. Kc3 Kf6 44. Nxf7 Rxg4 45. Nxh6 Rh4
46. Ng8+ Ke5 47. Ne7 Rxh2 48. Nxg6+ Kd5 49. Rd7+ Kc6 50. Ne5+ Kb6 51. Nc4+ Kc6
52. Rd6+ Kc7 53. Rg6 Rh3+ 54. Kc2 1-0

[Event "Women Russian Superfinal 2015"]
[Site "Chita RUS"]
[Date "2015.08.11"]
[Round "3"]
[White "Kovalevskaya, Ekaterina"]
[Black "Bodnaruk, Anastasia"]
[Result "1/2-1/2"]
[WhiteElo "2453"]
[BlackElo "2431"]
[PlyCount "90"]
[EventDate "2015.08.09"]

1. e4 c5 2. Nf3 d6 3. d4 cxd4 4. Qxd4 Nf6 5. Bb5+ Bd7 6. c4 Nc6 7. Qd3 g6 8.
O-O Bg7 9. Nc3 O-O 10. h3 a6 11. Bxc6 Bxc6 12. Be3 Rc8 13. Rac1 Nd7 14. Nd4 Nc5
15. Qc2 Ne6 16. Nxe6 fxe6 17. Ne2 Qa5 18. Nd4 Qe5 19. f3 g5 20. Qd2 h6 21. b3
Rfd8 22. Rcd1 d5 23. Nxc6 bxc6 24. Bb6 Rd7 25. exd5 exd5 26. f4 gxf4 27. Rxf4
Qd6 28. Rg4 e5 29. Be3 h5 30. Rg5 d4 31. Qd3 Qe7 32. Rxh5 e4 33. Qd2 Qf7 34.
Rg5 Rcd8 35. Rf1 Qe6 36. Bf4 Rf8 37. Be5 Rxf1+ 38. Kxf1 e3 39. Qd3 Rf7+ 40. Kg1
Qxe5 41. Rxe5 Bxe5 42. Qe4 Re7 43. Kf1 Rf7+ 44. Kg1 Re7 45. Kf1 Rf7+ 1/2-1/2

[Event "Women Russian Superfinal 2015"]
[Site "Chita RUS"]
[Date "2015.08.12"]
[Round "4"]
[White "Kashlinskaya, Alina"]
[Black "Savina, Anastasia"]
[Result "1/2-1/2"]
[WhiteElo "2441"]
[BlackElo "2429"]
[PlyCount "82"]
[EventDate "2015.08.09"]

1. e4 c5 2. Nf3 e6 3. c3 d5 4. exd5 exd5 5. d4 Nf6 6. Bb5+ Bd7 7. Bxd7+ Nbxd7
8. O-O Be7 9. dxc5 Nxc5 10. Nd4 Qd7 11. Qf3 O-O 12. Nf5 Rfe8 13. Na3 Bf8 14.
Nc2 Kh8 15. Be3 Nce4 16. Rad1 Re5 17. Ng3 Nxg3 18. fxg3 Qg4 19. Bd4 Re2 20. Ne3
Qxf3 21. Rxf3 Rxb2 22. g4 Rxa2 23. g5 Ne4 24. Rxf7 Nxg5 25. Rxb7 Ne6 26. Nxd5
Nxd4 27. cxd4 Re8 28. Rf1 Kg8 29. Nf4 Bd6 30. Rd7 Bxf4 31. Rxf4 g5 32. Rf5 Re1+
33. Rf1 Ree2 34. Rff7 Rxg2+ 35. Kf1 Rxh2 36. Kg1 Rag2+ 37. Kf1 Rd2 38. Kg1
Rhg2+ 39. Kf1 Rh2 40. Kg1 Rhg2+ 41. Kf1 Rh2 1/2-1/2

[Event "Women Russian Superfinal 2015"]
[Site "Chita RUS"]
[Date "2015.08.12"]
[Round "4"]
[White "Guseva, Marina"]
[Black "Lagno, Kateryna"]
[Result "1/2-1/2"]
[WhiteElo "2431"]
[BlackElo "2530"]
[PlyCount "108"]
[EventDate "2015.08.09"]

1. d4 d6 2. c4 e5 3. Nc3 exd4 4. Qxd4 Nf6 5. b3 a5 6. Bb2 a4 7. Nxa4 Nc6 8.
Qe3+ Be6 9. Nf3 d5 10. cxd5 Bb4+ 11. Nd2 Nxd5 12. Qd3 b5 13. e4 Nf4 14. Qxd8+
Rxd8 15. Nc3 Ne5 16. a3 Ned3+ 17. Bxd3 Nxd3+ 18. Ke2 Bc5 19. Bc1 Nf4+ 20. Kf1
Bd4 21. Ndb1 Nd3 22. Be3 Bxe3 23. fxe3 Nc5 24. b4 Nxe4 25. Ke2 Bc4+ 26. Kf3
Ng5+ 27. Kf2 O-O 28. h4 Ne6 29. Rd1 c5 30. Nd2 Bd3 31. Nf3 f6 32. Rd2 Bc4 33.
Ne4 cxb4 34. axb4 Ra8 35. Rxa8 Rxa8 36. Nd6 Ra4 37. Nxc4 bxc4 38. Rd6 Kf7 39.
Rb6 Ra2+ 40. Kg3 Rb2 41. Rc6 Rxb4 42. Nd2 h5 43. Rxc4 Rb2 44. Nf3 Re2 45. Rc3
g5 46. hxg5 fxg5 47. Nd4 Nxd4 48. exd4 h4+ 49. Kh3 Rd2 50. g3 Rxd4 51. gxh4
Rxh4+ 52. Kg3 Kg6 53. Rc6+ Kh5 54. Rc8 Ra4 1/2-1/2

[Event "Women Russian Superfinal 2015"]
[Site "Chita RUS"]
[Date "2015.08.12"]
[Round "4"]
[White "Gunina, Valentina"]
[Black "Girya, Olga"]
[Result "1-0"]
[WhiteElo "2531"]
[BlackElo "2487"]
[PlyCount "75"]
[EventDate "2015.08.09"]

1. c4 c6 2. Nf3 d5 3. e3 Nf6 4. Nc3 e6 5. d4 Nbd7 6. Qc2 Bd6 7. Be2 O-O 8. O-O
dxc4 9. Bxc4 b5 10. Bd3 Bb7 11. h3 Rc8 12. a3 c5 13. dxc5 Rxc5 14. e4 Qb8 15.
Be3 Rcc8 16. Nd4 a6 17. f4 e5 18. Nf5 exf4 19. Bd4 Bc5 20. Bxc5 Rxc5 21. Qd2 g6
22. Ne7+ Kg7 23. Rxf4 Qd6 24. Ned5 Bxd5 25. exd5 Nxd5 26. Rh4 Nxc3 27. Qh6+ Kf6
28. bxc3 Qxd3 29. Re1 Rf5 30. Rd4 Qg3 31. Re3 Qf2+ 32. Kh2 Ne5 33. Rxe5 Rxe5
34. Qxf8 h5 35. Rd6+ Kg5 36. Qd8+ f6 37. Rd4 Rf5 38. h4+ 1-0

[Event "Women Russian Superfinal 2015"]
[Site "Chita RUS"]
[Date "2015.08.12"]
[Round "4"]
[White "Goryachkina, Aleksandra"]
[Black "Bodnaruk, Anastasia"]
[Result "1-0"]
[WhiteElo "2474"]
[BlackElo "2431"]
[PlyCount "176"]
[EventDate "2015.08.09"]

1. d4 Nf6 2. c4 e6 3. g3 c5 4. d5 exd5 5. cxd5 d6 6. Nc3 g6 7. Nf3 Bg7 8. Bg2
O-O 9. O-O a6 10. a4 Nbd7 11. Bf4 Qe7 12. Rb1 Ng4 13. Bg5 f6 14. Bc1 Nge5 15.
Re1 Re8 16. Nxe5 Nxe5 17. f4 Nf7 18. e4 f5 19. Bd2 Qc7 20. h3 Rb8 21. Kh2 b5
22. axb5 axb5 23. b4 cxb4 24. Na2 fxe4 25. Nxb4 Nh6 26. g4 Ra8 27. Bxe4 Qd8 28.
Bf3 Bd7 29. Rxe8+ Qxe8 30. Qb3 Ra4 31. Kg2 Qa8 32. Re1 Nf7 33. Re2 Ra1 34. Nc6
Ra3 35. Qxb5 Kf8 36. Qb6 Ra2 37. Nb8 Be8 38. Qc7 Bf6 39. Qc8 Bd8 40. Nd7+ Bxd7
41. Qxd7 Bf6 42. g5 Bd4 43. h4 Ra1 44. Be1 Ra2 45. Qe7+ Kg8 46. Qe4 Rxe2+ 47.
Bxe2 Qa1 48. Bd3 Kf8 49. Bc2 Qc1 50. Kf3 Be3 51. Bg3 Bc5 52. Be1 Be3 53. Qxe3
Qxc2 54. Qd4 Qh2 55. Bc3 Qh3+ 56. Ke2 Qg2+ 57. Ke1 Qh1+ 58. Kd2 Qg2+ 59. Kd1
Qf3+ 60. Kc2 Qe2+ 61. Kb3 Qb5+ 62. Ka3 Qa6+ 63. Qa4 Qb7 64. Qc6 Qa7+ 65. Kb3
Qb8+ 66. Kc4 Qd8 67. Bf6 Qb8 68. Kc3 Kg8 69. Kc2 Kf8 70. Bb2 Ke7 71. Bf6+ Kf8
72. Kc1 Kg8 73. Bb2 Kf8 74. Qc3 Qe8 75. Qg7+ Ke7 76. Qxh7 Kd7 77. Kd2 Kc8 78.
Qxg6 Qb5 79. Qf5+ Kb8 80. Bc3 Qc5 81. Qxf7 Qf2+ 82. Kd3 Qf1+ 83. Ke4 Qb1+ 84.
Kf3 Qd1+ 85. Kg3 Qg1+ 86. Kh3 Qf1+ 87. Kg4 Qe2+ 88. Kf5 Qd3+ 1-0

[Event "Women Russian Superfinal 2015"]
[Site "Chita RUS"]
[Date "2015.08.12"]
[Round "4"]
[White "Pogonina, Natalija"]
[Black "Kosteniuk, Alexandra"]
[Result "0-1"]
[WhiteElo "2460"]
[BlackElo "2526"]
[PlyCount "84"]
[EventDate "2015.08.09"]

1. e4 e5 2. Nf3 Nc6 3. Bb5 a6 4. Ba4 Nf6 5. O-O Bc5 6. c3 b5 7. Bb3 d6 8. d4
Bb6 9. a4 Rb8 10. axb5 axb5 11. dxe5 Nxe5 12. Nxe5 dxe5 13. Qe2 O-O 14. Bg5 h6
15. Bh4 Bg4 16. Qe1 Qd6 17. Na3 Nh5 18. Kh1 Nf4 19. f3 Be6 20. Bxe6 Qxe6 21.
Rd1 Qb3 22. Qd2 Bc5 23. Qc2 Qe6 24. b4 Ra8 25. Ra1 Bb6 26. Rfd1 c6 27. Qb2 f5
28. exf5 Qxf5 29. Qb3+ Kh8 30. c4 Qh5 31. Be1 e4 32. c5 Ne2 33. cxb6 exf3 34.
b7 fxg2+ 35. Kxg2 Nf4+ 36. Kg1 Ne2+ 37. Kg2 Nf4+ 38. Kg1 Qg4+ 39. Qg3 Ne2+ 40.
Kg2 Qe4+ 41. Kh3 Qf5+ 42. Qg4 Qf1+ 0-1

[Event "Women Russian Superfinal 2015"]
[Site "Chita RUS"]
[Date "2015.08.12"]
[Round "4"]
[White "Ovod, Evgenija"]
[Black "Kovalevskaya, Ekaterina"]
[Result "1/2-1/2"]
[WhiteElo "2327"]
[BlackElo "2453"]
[PlyCount "51"]
[EventDate "2015.08.09"]

1. d4 Nf6 2. Nf3 c5 3. e3 e6 4. c4 d5 5. cxd5 exd5 6. Bb5+ Bd7 7. Bxd7+ Nbxd7
8. dxc5 Nxc5 9. O-O Be7 10. Nc3 O-O 11. b3 Rc8 12. Bb2 Nce4 13. Ne2 Qa5 14. a3
Rfd8 15. Nfd4 Bf8 16. Qd3 Nc5 17. Qb1 Qb6 18. Rd1 Nfe4 19. Qa2 Qh6 20. Nf5 Qg6
21. Ned4 Qa6 22. f3 Nf6 23. Nc2 Qb6 24. Ncd4 Qa6 25. Nc2 Qb6 26. Ncd4 1/2-1/2

[Event "Women Russian Superfinal 2015"]
[Site "Chita RUS"]
[Date "2015.08.13"]
[Round "5"]
[White "Bodnaruk, Anastasia"]
[Black "Ovod, Evgenija"]
[Result "1-0"]
[WhiteElo "2431"]
[BlackElo "2327"]
[PlyCount "105"]
[EventDate "2015.08.09"]

1. e4 e5 2. Nf3 Nc6 3. Bb5 Nf6 4. d3 Bc5 5. c3 O-O 6. O-O d6 7. Nbd2 a6 8. Bxc6
bxc6 9. Re1 Re8 10. h3 Bb6 11. Nf1 Nd7 12. Ng3 Nf8 13. d4 f6 14. Be3 Be6 15.
Qc2 Qb8 16. c4 exd4 17. Nxd4 Qb7 18. f4 Bf7 19. Kh2 a5 20. Bf2 Bc5 21. Ngf5 Qb6
22. Rad1 Ne6 23. Qc3 Nxd4 24. Bxd4 Bxd4 25. Nxd4 Qc5 26. b3 d5 27. e5 fxe5 28.
fxe5 dxc4 29. e6 Bh5 30. g4 Bg6 31. Qxc4 Qd6+ 32. Kg2 Qd5+ 33. Qxd5 cxd5 34.
Nf5 c6 35. Rc1 Bxf5 36. gxf5 Ra6 37. Kg3 Kf8 38. Kf4 a4 39. b4 a3 40. Ke5 Rb6
41. f6 gxf6+ 42. Kxf6 Re7 43. Rg1 Re8 44. Rce1 c5 45. bxc5 Rb2 46. e7+ Rxe7 47.
Rxe7 Rf2+ 48. Ke6 Re2+ 49. Kd6 Rxe7 50. c6 d4 51. c7 Re8 52. Rf1+ Kg7 53. Kd7
1-0

[Event "Women Russian Superfinal 2015"]
[Site "Chita RUS"]
[Date "2015.08.13"]
[Round "5"]
[White "Girya, Olga"]
[Black "Kashlinskaya, Alina"]
[Result "0-1"]
[WhiteElo "2487"]
[BlackElo "2441"]
[PlyCount "96"]
[EventDate "2015.08.09"]

1. Nf3 Nf6 2. c4 e6 3. Nc3 Bb4 4. d4 c5 5. g3 O-O 6. Bg2 d5 7. dxc5 dxc4 8.
Qxd8 Rxd8 9. Ne5 Nd5 10. Bd2 Nd7 11. Nxc4 Bxc3 12. Bxc3 Nxc3 13. c6 Nd5 14.
cxd7 Bxd7 15. Bxd5 exd5 16. Na5 d4 17. Kd2 d3 18. e3 Rac8 19. Rhc1 Rc2+ 20.
Rxc2 dxc2 21. Nxb7 Rc8 22. Nd6 Rc6 23. Ne4 Bf5 24. Nc3 Rd6+ 25. Ke1 Rh6 26. e4
Rxh2 27. Rc1 Bg4 28. Rxc2 h5 29. Nd5 Bf3 30. Rc8+ Kh7 31. Rc7 f5 32. Rxa7 fxe4
33. Ne3 Rh1+ 34. Kd2 Rh2 35. Ke1 Rh1+ 36. Kd2 Rh2 37. Kc3 Rxf2 38. a4 Re2 39.
Nf5 Kg6 40. Nxg7 Bg4 41. Ne8 e3 42. Ra6+ Kf7 43. Nd6+ Ke7 44. Nb5 Rxb2 45. Ra7+
Kf6 46. Ra6+ Ke5 47. Nd4 e2 48. Kxb2 Kxd4 0-1

[Event "Women Russian Superfinal 2015"]
[Site "Chita RUS"]
[Date "2015.08.13"]
[Round "5"]
[White "Savina, Anastasia"]
[Black "Goryachkina, Aleksandra"]
[Result "1-0"]
[WhiteElo "2429"]
[BlackElo "2474"]
[PlyCount "87"]
[EventDate "2015.08.09"]

1. Nf3 Nf6 2. c4 e6 3. Nc3 d5 4. d4 c5 5. cxd5 cxd4 6. Qa4+ Bd7 7. Qxd4 exd5 8.
Nxd5 Qa5+ 9. Nc3 Nc6 10. Qd1 Rd8 11. Bd2 Bg4 12. h3 Bh5 13. g4 Bg6 14. Bg2 Bb4
15. Qc1 Ne4 16. a3 Bxc3 17. Bxc3 Qc5 18. O-O O-O 19. Bb4 Qxc1 20. Raxc1 Rfe8
21. Rfd1 Nxb4 22. Rxd8 Rxd8 23. axb4 Nd6 24. Ne5 Be4 25. Bxe4 Nxe4 26. Rc7 Nd6
27. Nd3 Kf8 28. f3 Ke8 29. Kf2 g5 30. Ke3 h6 31. b3 Ra8 32. Nc5 b6 33. Ne4 Nxe4
34. Kxe4 Kf8 35. Kd5 Re8 36. e4 Rd8+ 37. Kc4 a5 38. Rc6 axb4 39. Rxh6 Ke7 40.
Rxb6 Rh8 41. Rb5 Rxh3 42. Rf5 Ke6 43. Kxb4 f6 44. Kc5 1-0

[Event "Women Russian Superfinal 2015"]
[Site "Chita RUS"]
[Date "2015.08.13"]
[Round "5"]
[White "Kosteniuk, Alexandra"]
[Black "Gunina, Valentina"]
[Result "1-0"]
[WhiteElo "2526"]
[BlackElo "2531"]
[PlyCount "137"]
[EventDate "2015.08.09"]

1. e4 c6 2. d4 d5 3. Nd2 dxe4 4. Nxe4 Bf5 5. Ng3 Bg6 6. h4 h6 7. Nf3 Nd7 8. h5
Bh7 9. Bd3 Bxd3 10. Qxd3 e6 11. Bd2 Ngf6 12. O-O-O Be7 13. Kb1 Qb6 14. Rhe1 O-O
15. Nf5 exf5 16. Rxe7 Qd8 17. Qa3 Ne4 18. Nh4 Nb6 19. Ba5 Nd6 20. Rde1 Nbc4 21.
Bxd8 Nxa3+ 22. bxa3 Rfxd8 23. c3 Rac8 24. Kc2 f4 25. a4 c5 26. Rd1 Kf8 27. Re5
Nc4 28. Re4 Re8 29. Rxf4 Nb6 30. a5 Nc4 31. Nf5 Rcd8 32. dxc5 Rxd1 33. Kxd1
Nxa5 34. Nd6 Re7 35. Rb4 Rd7 36. Kc2 a6 37. Re4 g6 38. hxg6 fxg6 39. Rf4+ Ke7
40. Rf7+ Ke6 41. Rxd7 Kxd7 42. Nf7 Ke6 43. Nxh6 Nc6 44. Ng4 Kd5 45. Kd3 Kxc5
46. f4 b5 47. Nf6 a5 48. g4 Ne7 49. Ne4+ Kd5 50. Nd2 Ng8 51. Nf1 Nf6 52. Ne3+
Kc5 53. a3 Kc6 54. Kd4 Kd6 55. c4 b4 56. a4 Kc6 57. c5 b3 58. Nc4 Kc7 59. g5
Nh5 60. Ke5 Ng3 61. Kf6 Nh5+ 62. Kxg6 Nxf4+ 63. Kf5 Nd5 64. g6 Kd7 65. g7 Ne7+
66. Kf6 Ke8 67. Ke6 Ng8 68. c6 Kd8 69. Kd6 1-0

[Event "Women Russian Superfinal 2015"]
[Site "Chita RUS"]
[Date "2015.08.13"]
[Round "5"]
[White "Lagno, Kateryna"]
[Black "Pogonina, Natalija"]
[Result "1-0"]
[WhiteElo "2530"]
[BlackElo "2460"]
[PlyCount "87"]
[EventDate "2015.08.09"]

1. c4 e6 2. g3 d5 3. Bg2 dxc4 4. Qa4+ Nd7 5. Qxc4 Ngf6 6. Nf3 a6 7. Qc2 c5 8.
Nc3 Bd6 9. O-O O-O 10. d4 h6 11. Rd1 Qe7 12. dxc5 Bxc5 13. a3 Ba7 14. b4 Rb8
15. Ne4 Nxe4 16. Qxe4 Nf6 17. Qc2 e5 18. Bb2 e4 19. Bxf6 gxf6 20. Nd4 e3 21. f4
Rd8 22. Nf5 Bxf5 23. Qxf5 Rd2 24. Be4 Qd6 25. Rdc1 Kf8 26. Rc8+ Ke7 27. Rac1
Rxc8 28. Qxc8 Rd1+ 29. Kg2 Rxc1 30. Qxc1 Qd7 31. Qc2 Bd4 32. a4 Kd8 33. Qd3 Kc7
34. Qc4+ Kb8 35. Bd5 Ba7 36. b5 axb5 37. axb5 Bb6 38. Bxf7 Qd2 39. Bd5 Qe1 40.
Bf3 Qf2+ 41. Kh3 Qf1+ 42. Bg2 Qd1 43. Qf7 Bc7 44. b6 1-0

[Event "Women Russian Superfinal 2015"]
[Site "Chita RUS"]
[Date "2015.08.13"]
[Round "5"]
[White "Kovalevskaya, Ekaterina"]
[Black "Guseva, Marina"]
[Result "1-0"]
[WhiteElo "2453"]
[BlackElo "2431"]
[PlyCount "63"]
[EventDate "2015.08.09"]

1. e4 c6 2. Nc3 d5 3. Nf3 Bg4 4. h3 Bxf3 5. Qxf3 e6 6. d4 dxe4 7. Qxe4 Nf6 8.
Qd3 Na6 9. a3 Qa5 10. Rb1 Nc7 11. Be2 Ncd5 12. O-O Nxc3 13. bxc3 Qc7 14. c4 Be7
15. Qf3 b6 16. Bf4 Bd6 17. Bg5 Nd7 18. Qg4 c5 19. d5 e5 20. Bd3 g6 21. f4 exf4
22. Rbe1+ Be5 23. Bxf4 O-O 24. Bh6 Rfe8 25. Qf3 Bd4+ 26. Kh1 Ne5 27. Qg3 Qb7
28. c3 Bxc3 29. Bxg6 hxg6 30. Qxc3 Kh7 31. Rxe5 Kxh6 32. Qe3+ 1-0

[Event "Women Russian Superfinal 2015"]
[Site "Chita RUS"]
[Date "2015.08.14"]
[Round "6"]
[White "Pogonina, Natalija"]
[Black "Kovalevskaya, Ekaterina"]
[Result "1/2-1/2"]
[WhiteElo "2460"]
[BlackElo "2453"]
[PlyCount "93"]
[EventDate "2015.08.09"]

1. d4 Nf6 2. c4 e6 3. Nf3 d5 4. g3 Bb4+ 5. Bd2 Be7 6. Bg2 O-O 7. O-O c6 8. Qc2
b6 9. b3 Nbd7 10. Rd1 Bb7 11. Nc3 Rc8 12. Bf4 Nh5 13. Bc1 f5 14. a4 a5 15. e3
h6 16. Ne2 g5 17. Bb2 Qe8 18. Ne5 Nxe5 19. dxe5 f4 20. Bh3 Bc5 21. Nd4 Ng7 22.
cxd5 cxd5 23. Qe2 Qg6 24. exf4 gxf4 25. Qg4 Qxg4 26. Bxg4 fxg3 27. hxg3 h5 28.
Be2 Kf7 29. Rac1 Ke7 30. Bd3 h4 31. Rf1 hxg3 32. fxg3 Rxf1+ 33. Rxf1 Rf8 34.
Rxf8 Kxf8 35. Kg2 Bc8 36. g4 Bd7 37. Kf3 Ne8 38. Kf4 Nc7 39. Bc3 Kg7 40. g5 Be8
41. Be2 Bg6 42. Bg4 Kf7 43. Bb2 Bd3 44. Bh5+ Kg7 45. Bg4 Kf7 46. Bh5+ Kg7 47.
Bg4 1/2-1/2

[Event "Women Russian Superfinal 2015"]
[Site "Chita RUS"]
[Date "2015.08.14"]
[Round "6"]
[White "Goryachkina, Aleksandra"]
[Black "Ovod, Evgenija"]
[Result "1-0"]
[WhiteElo "2474"]
[BlackElo "2327"]
[PlyCount "111"]
[EventDate "2015.08.09"]

1. Nf3 Nf6 2. c4 c5 3. Nc3 e6 4. g3 b6 5. Bg2 Bb7 6. O-O d6 7. d4 cxd4 8. Qxd4
a6 9. b3 Nbd7 10. Bb2 Be7 11. Rfd1 O-O 12. h3 Qc7 13. Rac1 Rac8 14. e4 Rfd8 15.
Qe3 Bf8 16. Qe2 Qb8 17. Nd4 Qa8 18. Re1 Nc5 19. Kh2 g6 20. b4 Ncd7 21. a3 Bg7
22. Nb1 Rc7 23. Nd2 Rdc8 24. f3 h5 25. h4 Ne5 26. Kh1 Nfd7 27. Rf1 Bh6 28. f4
Ng4 29. N4f3 e5 30. Ng5 exf4 31. gxf4 Re8 32. Qd3 Ndf6 33. Rce1 Rce7 34. Qd4 b5
35. f5 Bg7 36. fxg6 fxg6 37. Qxd6 Rd7 38. Qf4 Qd8 39. Re2 bxc4 40. Nxc4 Rd1 41.
Ree1 Rxe1 42. Rxe1 Re7 43. e5 Bxg2+ 44. Kxg2 Qd5+ 45. Nf3 Nd7 46. Qe4 Qb5 47.
Nd6 Qb6 48. Bd4 Qc7 49. Qxg6 Qc6 50. Nf5 Ne3+ 51. Kf2 Qc2+ 52. Kxe3 Qb3+ 53.
Kf2 Nxe5 54. Nxe7+ Kf8 55. Qf5+ Kxe7 56. Bxe5 1-0

[Event "Women Russian Superfinal 2015"]
[Site "Chita RUS"]
[Date "2015.08.14"]
[Round "6"]
[White "Gunina, Valentina"]
[Black "Lagno, Kateryna"]
[Result "1-0"]
[WhiteElo "2531"]
[BlackElo "2530"]
[PlyCount "47"]
[EventDate "2015.08.09"]

1. d4 Nf6 2. c4 g6 3. Nc3 d5 4. g3 dxc4 5. Bg2 Bg7 6. Qa4+ c6 7. Qxc4 Be6 8.
Qd3 Qc8 9. e4 O-O 10. Nge2 Bh3 11. O-O Bxg2 12. Kxg2 Rd8 13. Bg5 Qe6 14. f4 Na6
15. f5 gxf5 16. Rxf5 Nb4 17. Qf3 Ne8 18. d5 cxd5 19. exd5 Qg6 20. Bxe7 Nc2 21.
Rg5 Qb6 22. Bxd8 Rxd8 23. Rc1 Qxb2 24. Qe4 1-0

[Event "Women Russian Superfinal 2015"]
[Site "Chita RUS"]
[Date "2015.08.14"]
[Round "6"]
[White "Kashlinskaya, Alina"]
[Black "Kosteniuk, Alexandra"]
[Result "0-1"]
[WhiteElo "2441"]
[BlackElo "2526"]
[PlyCount "100"]
[EventDate "2015.08.09"]

1. d4 Nf6 2. c4 e6 3. Nc3 Bb4 4. Qc2 Nc6 5. Nf3 d6 6. Bd2 Qe7 7. e3 O-O 8. a3
Bxc3 9. Bxc3 e5 10. d5 Nb8 11. Nd2 a5 12. b3 b6 13. Be2 c6 14. dxc6 Nxc6 15.
O-O Bb7 16. Rfd1 Rac8 17. Qf5 Qc7 18. Rac1 Ne7 19. Qb1 Qb8 20. Nf1 Ne4 21. Be1
Ng5 22. f3 Ne6 23. b4 axb4 24. axb4 d5 25. cxd5 Bxd5 26. Rxc8 Rxc8 27. Bd3 h6
28. Bh4 f6 29. Ng3 Nf8 30. Nf5 Qa7 31. Ba6 Rc7 32. Nxe7+ Rxe7 33. Bb5 Ba2 34.
Qb2 Be6 35. Bf2 e4 36. f4 Rc7 37. h3 Bc4 38. Ra1 Qb7 39. Bxc4+ Rxc4 40. b5 Qd5
41. Ra6 Nd7 42. Qa3 Kf7 43. Ra7 Rc5 44. Be1 Rxb5 45. Bb4 Kg6 46. Kh2 Qd1 47.
Bf8 Rb1 48. Bxg7 Qg1+ 49. Kg3 Rf1 50. f5+ Kh5 0-1

[Event "Women Russian Superfinal 2015"]
[Site "Chita RUS"]
[Date "2015.08.14"]
[Round "6"]
[White "Savina, Anastasia"]
[Black "Girya, Olga"]
[Result "1/2-1/2"]
[WhiteElo "2429"]
[BlackElo "2487"]
[PlyCount "72"]
[EventDate "2015.08.09"]

1. d4 d5 2. c4 c6 3. Nf3 Nf6 4. Nc3 e6 5. e3 Nbd7 6. Qc2 Bd6 7. Bd3 O-O 8. O-O
dxc4 9. Bxc4 b5 10. Bd3 Bb7 11. a3 h6 12. e4 e5 13. h3 Re8 14. Be3 a6 15. Rad1
Qc7 16. dxe5 Nxe5 17. Nxe5 Bxe5 18. Ne2 c5 19. f4 c4 20. fxe5 Qxe5 21. Bd4 cxd3
22. Rxd3 Qxe4 23. Ng3 Qg6 24. Bxf6 gxf6 25. Qd2 Re5 26. Kh2 Kh7 27. Rf4 h5 28.
h4 Rg8 29. Rc3 Rge8 30. Qf2 R8e6 31. Rc7 Bd5 32. Rc5 Kh8 33. Rc8+ Kh7 34. Rc5
Kh8 35. Rc8+ Kh7 36. Rc5 Kh8 1/2-1/2

[Event "Women Russian Superfinal 2015"]
[Site "Chita RUS"]
[Date "2015.08.14"]
[Round "6"]
[White "Guseva, Marina"]
[Black "Bodnaruk, Anastasia"]
[Result "0-1"]
[WhiteElo "2431"]
[BlackElo "2431"]
[PlyCount "128"]
[EventDate "2015.08.09"]

1. d4 Nf6 2. c4 e6 3. Nc3 Bb4 4. Qc2 O-O 5. a3 Bxc3+ 6. Qxc3 b6 7. Bg5 Bb7 8.
e3 d6 9. Ne2 Nbd7 10. Qc2 c5 11. Rd1 Qc8 12. f3 Re8 13. Qd2 h6 14. Bh4 Ba6 15.
Nc3 cxd4 16. Qxd4 e5 17. Qxd6 Bxc4 18. e4 Bb3 19. Rd2 Nc5 20. Bxf6 gxf6 21. Nd5
Bxd5 22. Qxd5 Rd8 23. Qc4 Rxd2 24. Kxd2 b5 25. Qc2 Qd7+ 26. Kc1 Rc8 27. Kb1
Nxe4 28. Bxb5 Nd2+ 29. Ka1 Rxc2 30. Bxd7 Nb3+ 31. Ka2 Nd4 32. Bh3 f5 33. Re1 f6
34. Kb1 Rd2 35. Kc1 Nb3+ 36. Kb1 Nd4 37. Kc1 Rf2 38. Re3 Kf7 39. b4 Ke6 40. Kd1
Kd5 41. Rc3 Ra2 42. Rc5+ Kd6 43. Rc3 h5 44. Ke1 e4 45. Kf1 Ke5 46. fxe4 fxe4
47. Bc8 f5 48. Bb7 Nc2 49. Rc5+ Kf4 50. g3+ Kg4 51. Bc8 Ne3+ 52. Ke1 Kf3 53.
Ba6 Rxh2 54. a4 Rb2 55. a5 Rxb4 56. Be2+ Kxg3 57. Bxh5 f4 58. Rg5+ Kh4 59. Re5
Ng4 60. Bxg4 Kxg4 61. a6 Kf3 62. Re7 Ke3 63. Kd1 f3 64. Rxa7 f2 0-1

[Event "Turkish Super League 2015"]
[Site "Kocaeli TUR"]
[Date "2015.08.15"]
[Round "13"]
[White "Dzagnidze, Nana"]
[Black "Isgandarova, Khayala"]
[Result "1-0"]
[WhiteElo "2573"]
[BlackElo "2245"]
[PlyCount "89"]
[EventDate "2015.08.04"]
[WhiteTeam "Deniz Su Aquamatch Satranc Genclik Ve Sports "]
[BlackTeam "Kahramanmaras Buyuksehir Belediye Sports Club"]

1. c4 Nf6 2. d4 g6 3. Nc3 Bg7 4. Nf3 O-O 5. g3 d6 6. Bg2 Nc6 7. O-O Bf5 8. d5
Na5 9. Nd4 Bd7 10. b3 c5 11. dxc6 Nxc6 12. e3 Rc8 13. Bb2 a6 14. Re1 Qc7 15.
Rc1 Qb8 16. Qd2 Rfd8 17. Nde2 b5 18. Nd5 Nxd5 19. cxd5 Bxb2 20. Qxb2 Ne5 21.
Qd2 Rxc1 22. Rxc1 Rc8 23. f4 Ng4 24. h3 Nf6 25. g4 Rxc1+ 26. Qxc1 Qc8 27. Kf2
Qxc1 28. Nxc1 h6 29. Nd3 Bc8 30. e4 g5 31. e5 Ne8 32. Ke3 gxf4+ 33. Kxf4 Kg7
34. Nb4 Bb7 35. Nc2 Nc7 36. Ne3 Bc8 37. h4 a5 38. Bf1 Bb7 39. exd6 exd6 40.
Nf5+ Kg6 41. Nxd6 Bxd5 42. Bxb5 Be6 43. Bc4 f6 44. h5+ Kg7 45. a4 1-0

[Event "Women Russian Superfinal 2015"]
[Site "Chita RUS"]
[Date "2015.08.16"]
[Round "7"]
[White "Ovod, Evgenija"]
[Black "Guseva, Marina"]
[Result "1-0"]
[WhiteElo "2327"]
[BlackElo "2431"]
[PlyCount "63"]
[EventDate "2015.08.09"]

1. c4 c6 2. Nf3 d5 3. e3 Nf6 4. Nc3 e6 5. b3 Nbd7 6. Bb2 b6 7. d4 Bb7 8. Bd3
Bd6 9. O-O O-O 10. Qe2 c5 11. cxd5 exd5 12. Ba6 Bc6 13. Rfd1 Qe7 14. Nb5 Bxb5
15. Bxb5 Rad8 16. Rac1 Qe6 17. Qd3 Ne4 18. dxc5 Ndxc5 19. Qe2 a5 20. Nd4 Qh6
21. f4 f5 22. Nc6 Rde8 23. Rxd5 Re6 24. Nd4 Ref6 25. Bc4 Kh8 26. Nf3 Re6 27.
Rcd1 Bc7 28. Rd7 Nxd7 29. Rxd7 Rc6 30. Bxg7+ Qxg7 31. Rxg7 Kxg7 32. Nd4 1-0